<?xml version="1.0" encoding="UTF-8"?>
<record
    xmlns:xsi="http://www.w3.org/2001/XMLSchema-instance"
    xsi:schemaLocation="http://www.loc.gov/MARC21/slim http://www.loc.gov/standards/marcxml/schema/MARC21slim.xsd"
    xmlns="http://www.loc.gov/MARC21/slim">

  <leader>00433nam a22001577a 4500</leader>
  <datafield tag="999" ind1=" " ind2=" ">
    <subfield code="c">3775</subfield>
    <subfield code="d">3775</subfield>
  </datafield>
  <controlfield tag="008">200629b           ||||| |||| 00| 0 eng d</controlfield>
  <datafield tag="020" ind1=" " ind2=" ">
    <subfield code="a">0900976314</subfield>
  </datafield>
  <datafield tag="082" ind1="0" ind2="0">
    <subfield code="a">623.8503</subfield>
    <subfield code="b">L4251</subfield>
  </datafield>
  <datafield tag="100" ind1=" " ind2=" ">
    <subfield code="9">3106</subfield>
    <subfield code="a">Laws, W.</subfield>
  </datafield>
  <datafield tag="245" ind1="1" ind2="0">
    <subfield code="a">Electricity applied to marine engineering /</subfield>
  </datafield>
  <datafield tag="250" ind1=" " ind2=" ">
    <subfield code="a">4th ed.</subfield>
  </datafield>
  <datafield tag="260" ind1=" " ind2=" ">
    <subfield code="a">London</subfield>
    <subfield code="b">Institute of Marine Engineers</subfield>
    <subfield code="c">1966</subfield>
  </datafield>
  <datafield tag="300" ind1=" " ind2=" ">
    <subfield code="a">445 p.</subfield>
  </datafield>
  <datafield tag="650" ind1=" " ind2="0">
    <subfield code="a">Electrical Engineering</subfield>
  </datafield>
  <datafield tag="942" ind1=" " ind2=" ">
    <subfield code="c">BK</subfield>
  </datafield>
  <datafield tag="952" ind1=" " ind2=" ">
    <subfield code="0">0</subfield>
    <subfield code="1">0</subfield>
    <subfield code="2">ddc</subfield>
    <subfield code="4">0</subfield>
    <subfield code="6">623_850300000000000_L4251</subfield>
    <subfield code="7">0</subfield>
    <subfield code="9">10702</subfield>
    <subfield code="a">CL</subfield>
    <subfield code="b">CL</subfield>
    <subfield code="d">2020-06-29</subfield>
    <subfield code="o">623.8503 L4251</subfield>
    <subfield code="p">06813</subfield>
    <subfield code="r">2020-06-29</subfield>
    <subfield code="y">BK</subfield>
  </datafield>
  <datafield tag="952" ind1=" " ind2=" ">
    <subfield code="0">0</subfield>
    <subfield code="1">0</subfield>
    <subfield code="2">ddc</subfield>
    <subfield code="4">0</subfield>
    <subfield code="6">623_850300000000000_L4251</subfield>
    <subfield code="7">0</subfield>
    <subfield code="9">10703</subfield>
    <subfield code="a">CL</subfield>
    <subfield code="b">CL</subfield>
    <subfield code="d">2020-06-29</subfield>
    <subfield code="o">623.8503 L4251</subfield>
    <subfield code="p">06814</subfield>
    <subfield code="r">2020-06-29</subfield>
    <subfield code="y">BK</subfield>
  </datafield>
  <datafield tag="952" ind1=" " ind2=" ">
    <subfield code="0">0</subfield>
    <subfield code="1">0</subfield>
    <subfield code="2">ddc</subfield>
    <subfield code="4">0</subfield>
    <subfield code="6">623_850300000000000_L4251</subfield>
    <subfield code="7">0</subfield>
    <subfield code="9">10704</subfield>
    <subfield code="a">CL</subfield>
    <subfield code="b">CL</subfield>
    <subfield code="d">2020-06-29</subfield>
    <subfield code="o">623.8503 L4251</subfield>
    <subfield code="p">06815</subfield>
    <subfield code="r">2020-06-29</subfield>
    <subfield code="y">BK</subfield>
  </datafield>
  <datafield tag="952" ind1=" " ind2=" ">
    <subfield code="0">0</subfield>
    <subfield code="1">0</subfield>
    <subfield code="2">ddc</subfield>
    <subfield code="4">0</subfield>
    <subfield code="6">623_850300000000000_L4251</subfield>
    <subfield code="7">0</subfield>
    <subfield code="9">10705</subfield>
    <subfield code="a">CL</subfield>
    <subfield code="b">CL</subfield>
    <subfield code="d">2020-06-29</subfield>
    <subfield code="o">623.8503 L4251</subfield>
    <subfield code="p">06816</subfield>
    <subfield code="r">2020-06-29</subfield>
    <subfield code="y">BK</subfield>
  </datafield>
  <datafield tag="952" ind1=" " ind2=" ">
    <subfield code="0">0</subfield>
    <subfield code="1">0</subfield>
    <subfield code="2">ddc</subfield>
    <subfield code="4">0</subfield>
    <subfield code="6">623_850300000000000_L4251</subfield>
    <subfield code="7">0</subfield>
    <subfield code="9">10706</subfield>
    <subfield code="a">CL</subfield>
    <subfield code="b">CL</subfield>
    <subfield code="d">2020-06-29</subfield>
    <subfield code="o">623.8503 L4251</subfield>
    <subfield code="p">06817</subfield>
    <subfield code="r">2020-06-29</subfield>
    <subfield code="y">BK</subfield>
  </datafield>
  <datafield tag="952" ind1=" " ind2=" ">
    <subfield code="0">0</subfield>
    <subfield code="1">0</subfield>
    <subfield code="2">ddc</subfield>
    <subfield code="4">0</subfield>
    <subfield code="6">623_850300000000000_L4251</subfield>
    <subfield code="7">0</subfield>
    <subfield code="9">11391</subfield>
    <subfield code="a">CL</subfield>
    <subfield code="b">CL</subfield>
    <subfield code="d">2020-07-08</subfield>
    <subfield code="o">623.8503 L4251</subfield>
    <subfield code="p">07124</subfield>
    <subfield code="r">2020-07-08</subfield>
    <subfield code="y">BK</subfield>
  </datafield>
  <datafield tag="952" ind1=" " ind2=" ">
    <subfield code="0">0</subfield>
    <subfield code="1">0</subfield>
    <subfield code="2">ddc</subfield>
    <subfield code="4">0</subfield>
    <subfield code="6">623_850300000000000_L4251</subfield>
    <subfield code="7">0</subfield>
    <subfield code="9">11392</subfield>
    <subfield code="a">CL</subfield>
    <subfield code="b">CL</subfield>
    <subfield code="d">2020-07-08</subfield>
    <subfield code="o">623.8503 L4251</subfield>
    <subfield code="p">07125</subfield>
    <subfield code="r">2020-07-08</subfield>
    <subfield code="y">BK</subfield>
  </datafield>
  <datafield tag="952" ind1=" " ind2=" ">
    <subfield code="0">0</subfield>
    <subfield code="1">0</subfield>
    <subfield code="2">ddc</subfield>
    <subfield code="4">0</subfield>
    <subfield code="6">623_850300000000000_L4251</subfield>
    <subfield code="7">0</subfield>
    <subfield code="9">23595</subfield>
    <subfield code="a">CL</subfield>
    <subfield code="b">CL</subfield>
    <subfield code="d">2021-06-14</subfield>
    <subfield code="o">623.8503 L4251</subfield>
    <subfield code="p">08779</subfield>
    <subfield code="r">2021-06-14</subfield>
    <subfield code="y">BK</subfield>
  </datafield>
</record>
